Loading...
| 2 | 2 | 0 | 0 | 50 | 42 | 72.25 | 3 | 4 | 0.00 | 0.00 | |
| Philosophy | 1 | 3 | 0 | 0 | 45 | 46 | 68.50 | 4 | 4 | 0.00 | 0.00 |
| Beliefs | 1 | 2 | 0 | 1 | 35 | 43 | 88.33 | 1 | 3 | 0.00 | 0.00 |
| Fine Arts - Auditory | 1 | 2 | 0 | 0 | 35 | 61 | 76.33 | 3 | 3 | 0.00 | 0.00 |
| History - European | 1 | 2 | 1 | 0 | 30 | 40 | 87.67 | 3 | 3 | 0.00 | 0.00 |
| Other Science: Earth Science | 2 | 0 | 0 | 0 | 30 | 46 | 53.00 | 2 | 2 | 0.00 | 0.00 |
| Literature - European | 0 | 3 | 1 | 0 | 25 | 87 | 110.00 | 1 | 3 | 0.00 | 0.00 |
| Fine Arts - Visual | 2 | 0 | 1 | 0 | 25 | 37 | 43.00 | 2 | 2 | 0.00 | 0.00 |
| Social Science | 1 | 1 | 0 | 0 | 25 | 80 | 80.00 | 2 | 2 | 0.00 | 0.00 |
| Other Science: Astronomy | 1 | 0 | 0 | 0 | 15 | 65 | 65.00 | 1 | 1 | 0.00 | 0.00 |
| History - World | 1 | 0 | 0 | 0 | 15 | 45 | 45.00 | 1 | 1 | 0.00 | 0.00 |
| History - American | 1 | 0 | 0 | 0 | 15 | 63 | 63.00 | 0 | 1 | 0.00 | 0.00 |
| Science - Chemistry | 1 | 0 | 0 | 0 | 15 | 71 | 71.00 | 1 | 1 | 0.00 | 0.00 |
| Science - Physics | 1 | 0 | 0 | 0 | 15 | 60 | 60.00 | 1 | 1 | 0.00 | 0.00 |
| Literature - American | 0 | 1 | 0 | 0 | 10 | 112 | 112.00 | 1 | 1 | 0.00 | 0.00 |
| Geography | 1 | 0 | 1 | 1 | 10 | 70 | 70.00 | 1 | 1 | 0.00 | 0.00 |
| Literature - British | 0 | 0 | 1 | 0 | -5 | 0.00 | 0 | 0 | 0.00 | 0.00 |